Leeds City Council v Watkins and another (Record no. 72508)
[ view plain ]
| 000 -LEADER | |
|---|---|
| fixed length control field | 01412cam a2200289 4500 |
| 001 - CONTROL NUMBER | |
| control field | ABS66627 |
| 008 - FIXED-LENGTH DATA ELEMENTS--GENERAL INFORMATION | |
| fixed length control field | 030416n2003 000 0 eng u |
| 035 ## - SYSTEM CONTROL NUMBER | |
| System control number | (Sirsi) u122012 |
| 245 ## - TITLE STATEMENT | |
| Title | Leeds City Council v Watkins and another |
| 260 ## - PUBLICATION, DISTRIBUTION, ETC. | |
| Date of publication, distribution, etc. | 2003 |
| 490 ## - SERIES STATEMENT | |
| Series statement | Estates Gazette Case Summaries |
| Volume/sequential designation | [2003] 14 EG 122 (CS) (1) |
| 520 ## - SUMMARY, ETC. | |
| Summary, etc. | [2003] EWHC 598 (Ch). Action by the claimant council (L) for final injunctions to restrain the defendants (W) from holding unlicensed car boot sales at Drighlington, without its consent. L argued W had infringed its market rights, which it enjoyed under Royal Charter and the Leeds Corporation (Consolidation) Act 1905. W contended that L's policy ran counter to the provisions of the Competition Act 1998. "Held" the injunction was granted. View judgment at www.bailii.org. |
| 590 ## - LOCAL NOTE (RLIN) | |
| Local note | ABS |
| 650 ## - SUBJECT ADDED ENTRY--TOPICAL TERM | |
| Topical term or geographic name entry element | FINAL INJUNCTION |
| 650 ## - SUBJECT ADDED ENTRY--TOPICAL TERM | |
| Topical term or geographic name entry element | CAR BOOT SALES |
| 650 ## - SUBJECT ADDED ENTRY--TOPICAL TERM | |
| Topical term or geographic name entry element | MARKET RIGHTS |
| 650 ## - SUBJECT ADDED ENTRY--TOPICAL TERM | |
| Topical term or geographic name entry element | LICENSING |
| 650 ## - SUBJECT ADDED ENTRY--TOPICAL TERM | |
| Topical term or geographic name entry element | LOCAL AUTHORITIES |
| 650 ## - SUBJECT ADDED ENTRY--TOPICAL TERM | |
| Topical term or geographic name entry element | LEEDS CORPORATION (CONSOLIDATION) ACT 1905 |
| 650 ## - SUBJECT ADDED ENTRY--TOPICAL TERM | |
| Topical term or geographic name entry element | COMPETITION ACT 1998 |
| 650 ## - SUBJECT ADDED ENTRY--TOPICAL TERM | |
| Topical term or geographic name entry element | TREATY OF ROME ART 81 |
| 650 ## - SUBJECT ADDED ENTRY--TOPICAL TERM | |
| Topical term or geographic name entry element | TREATY OF ROME ART 82 |
| 650 ## - SUBJECT ADDED ENTRY--TOPICAL TERM | |
| Topical term or geographic name entry element | LEEDS CITY COUNCIL V WATKINS AND ANOTHER |
| 690 ## - LOCAL SUBJECT ADDED ENTRY--TOPICAL TERM (OCLC, RLIN) | |
| Topical term or geographic name as entry element | ENVIRONMENTAL AND LAND CONSULTANCY-PLANNING AND DEVELOPMENT |
| 856 ## - ELECTRONIC LOCATION AND ACCESS | |
| Uniform Resource Identifier | <a href="https://www.bailii.org/ew/cases/EWHC/Ch/2003/598.htm">https://www.bailii.org/ew/cases/EWHC/Ch/2003/598.htm</a> |
| Public note | View judgment on the BAILII website... |
| 942 ## - ADDED ENTRY ELEMENTS (KOHA) | |
| Suppress in OPAC | 0 |
| Withdrawn status | Lost status | Source of classification or shelving scheme | Damaged status | Not for loan | Home library | Current library | Shelving location | Date acquired | Total Checkouts | Full call number | Barcode | Date last seen | Copy number | Price effective from | Koha item type |
|---|---|---|---|---|---|---|---|---|---|---|---|---|---|---|---|
| Dewey Decimal Classification | London | London | Journal article | 16/04/2003 | ABS66627 | 122012-1001 | 06/08/2019 | 1 | 06/08/2019 | Law report |